00649nam a22001697a 450000500170000001000130001702000260003003500110005603700130006708200080008010000330008824501370012124600920025826000370035027000690038730000230045620210315115245.0 aUR-11075 c300.00a9789390579105 aU-9630 bDBAD/PUB a030 aعبد السمع صو فی  aعد و ی معلو ما ت کا ا نسا ہيکلو پيڈ يا (صفر سے لا تنا ہی تک )cعبد السمع صو فی  bA'Adadi Maloomaat Ka Encyclopedia (Sifar Se Lamutanahi Tak)(Urdu)aby Abdus Sami Soofi  aN.Delhi c2021 ءbApplied Books a1739/10,Padodi House,Darya Ganj,bNew Delhi e110002l9953630788 a304 ص c22 Cm(Hb)